01274cam a2200301 45000010008000000030012000080050017000200080041000370100017000780400022000950500021001170820015001382450097001532600049002503000039002993500011003385000242003495040041005916500021006327000038006537000022006917100032007137100042007459060045007879420012008329990017008449520111008614600556NUST - PNEC20170116181123.0710407r19711968nyuab b 001 0 eng  a 76135522  aDLCcLIBRARYdDLC00aTL553b.F86 197100a629.13 ALL04aThe Future of aeronautics.cEdited by John E. Allen & Joan Bruce. Foreword by Prince Philip. aNew York,bSt. Martin's Pressc[1971, c1970] axiv, 552 p.billus., maps.c24 cm. a$15.00 aTwenty-two contributions, prepared at the invitation of the Royal Aeronautical Society as it began its 2d century of activity; the contributions were originally published in the society's Aeronautical journal from Jan. 1968 to Aug. 1969. aIncludes bibliographical references. 0aAeronautics.xME1 aAllen, John Elliston,d1921-eed.1 aBruce, Joan,eed.2 aRoyal Aeronautical Society.2 aRoyal Aeronautical Society.tJournal. a7bcbccorignewd2encipf19gy-gencatlg 2ddccBK c69632d69632 00102ddc4070aPNECbPNECcWING-Bd0000-00-00l0o629.13 ALLpPNECLIB-006431r2015-10-05w0000-00-00yBK